00560nam a2200181 a 450000100100000000500170001000800410002704000250006808200190009310000360011224500380014826000370018630000210022349000370024465000220028165000360030383000390033900001275020200929163052.0091116s1972 ve 000 f spa d aDO-SdBNPbspacBNPHU aV863.42bP124g1 aPadrón, Julián,d1910-1954.13aLa guaricha /cJulián Padrón. aCaracas :bMonte Ávila,c1972. a188 p. ;c16 cm.1 aBiblioteca Popular El Doradov22 4aNovela venezolana 4aLiteratura venezolanaySIGLO XX 0aBiblioteca Popular El Dorado ;v22